[Event "Titled Tue 27th May Early"]
[Site "chess.com INT"]
[Date "2025.05.27"]
[Round "5"]
[White "Dyulgerov, Volen"]
[Black "Germanovs, Georgijs"]
[Result "1-0"]
[WhiteTitle "CM"]
[BlackTitle "CM"]
[WhiteElo "2200"]
[BlackElo "2255"]
[WhiteFideId "2918978"]
[BlackFideId "11609710"]
[EventDate "2025.05.27"]

1. e4 e5 2. Nf3 Nc6 3. d4 exd4 4. Nxd4 Nf6 5. Nxc6 dxc6 6. Qxd8+ Kxd8 7. Nc3 Bb4
8. Bd3 Bxc3+ 9. bxc3 Nxe4 10. Bxe4 Re8 11. Bg5+ f6 12. O-O-O+ Ke7 13. Rhe1 Kf7
14. Bf4 Bg4 15. f3 Be6 16. Bxc7 Rac8 17. Bg3 f5 18. Bd3 b5 19. Kb2 a5 20. Re5 g6
21. Rde1 Kf6 22. Bh4+ Kf7 23. c4 b4 24. c5 Bd5 25. Re7+ Kf8 26. Bf6 Rxe7 27.
Rxe7 a4 28. Rxh7 a3+ 29. Kc1 Bxa2 30. Rh8+ Kf7 31. Rxc8 Kxf6 32. Rb8 Ke5 33.
Rxb4 Bd5 34. f4+ Kf6 35. Ra4 Bxg2 36. Rxa3 g5 37. fxg5+ Kxg5 38. Kd2 f4 39. Ra8
Kg4 40. Rg8+ Kh3 41. Ke2 Kxh2 42. Kf2 f3 43. Rh8+ 1-0

[Event "Titled Tue 27th May Early"]
[Site "chess.com INT"]
[Date "2025.05.27"]
[Round "5"]
[White "Thorhallsson, Simon"]
[Black "Christodoulaki, Antonia"]
[Result "1-0"]
[WhiteTitle "FM"]
[BlackTitle "WFM"]
[WhiteElo "2218"]
[BlackElo "2111"]
[WhiteFideId "2310090"]
[BlackFideId "4214935"]
[EventDate "2025.05.27"]

1. Nf3 d5 2. g3 e6 3. Bg2 Nf6 4. O-O Be7 5. c4 O-O 6. b3 a5 7. d3 c6 8. a3 Na6
9. Bb2 Qb6 10. Nbd2 Rd8 11. Qc2 Nc5 12. Rab1 Qc7 13. Be5 Qd7 14. b4 axb4 15.
axb4 Na4 16. c5 b5 17. cxb6 Nxb6 18. Bd4 Qb7 19. Ne5 Bd7 20. Nb3 Na4 21. Na5 Qb5
22. Naxc6 Bxc6 23. Nxc6 Bd6 24. Na7 Rdb8 25. Nxb5 1-0

[Event "Titled Tue 27th May Early"]
[Site "chess.com INT"]
[Date "2025.05.27"]
[Round "5"]
[White "Parfenov, Viktor N."]
[Black "Vykouk, Jan"]
[Result "0-1"]
[WhiteTitle "CM"]
[BlackTitle "IM"]
[WhiteElo "2193"]
[BlackElo "2496"]
[WhiteFideId "4165969"]
[BlackFideId "349658"]
[EventDate "2025.05.27"]

1. d4 Nf6 2. Bg5 d5 3. Bxf6 exf6 4. e3 Bd6 5. c4 dxc4 6. Bxc4 O-O 7. Nc3 f5 8.
Nf3 a6 9. O-O Nd7 10. g3 b5 11. Bd3 Bb7 12. Bxf5 Nf6 13. a3 g6 14. Bh3 h5 15.
Rc1 Qe7 16. Bg2 Ng4 17. Re1 Rfe8 18. e4 b4 19. axb4 Bxb4 20. e5 Rad8 21. Qb3 a5
22. h3 Nh6 23. Ne4 Bxe4 24. Rxe4 Nf5 25. Qc4 Nd6 26. exd6 Qxe4 27. dxc7 Rc8 28.
Ng5 Qf5 29. Nxf7 Kg7 30. Nd8 Bd6 31. g4 hxg4 32. hxg4 Qf4 33. Bb7 Rxc7 34. Qxc7+
Bxc7 0-1

[Event "Titled Tue 27th May Early"]
[Site "chess.com INT"]
[Date "2025.05.27"]
[Round "5"]
[White "Guliev, Gasan"]
[Black "Gong, Qianyun"]
[Result "0-1"]
[WhiteTitle "CM"]
[BlackTitle "WGM"]
[WhiteElo "2123"]
[BlackElo "2265"]
[WhiteFideId "34165638"]
[BlackFideId "8602425"]
[EventDate "2025.05.27"]

1. d4 Nf6 2. Bg5 Ne4 3. h4 c5 4. Nd2 Nxd2 5. Qxd2 cxd4 6. Qxd4 Nc6 7. Qd2 d5 8.
O-O-O Be6 9. Nf3 f6 10. Bf4 Bf7 11. e3 e5 12. Bg3 Qb6 13. c4 Rc8 14. Kb1 Bg6+
15. Ka1 Nb4 16. Rc1 Nxa2 17. Rd1 Nb4 0-1

[Event "Titled Tue 27th May Early"]
[Site "chess.com INT"]
[Date "2025.05.27"]
[Round "5"]
[White "Hobaica, Juan Pablo"]
[Black "Yushko, Olga"]
[Result "1-0"]
[WhiteTitle "IM"]
[BlackTitle "WFM"]
[WhiteElo "2412"]
[BlackElo "2036"]
[WhiteFideId "104159"]
[BlackFideId "14114500"]
[EventDate "2025.05.27"]

1. e4 Nf6 2. e5 Nd5 3. d4 d6 4. Nf3 Bg4 5. Be2 c6 6. O-O Bxf3 7. Bxf3 dxe5 8.
dxe5 e6 9. Qe2 Nd7 10. c4 Ne7 11. b3 Ng6 12. Bb2 Qc7 13. Bh5 Ndxe5 14. f4 Bc5+
15. Kh1 Nd7 16. f5 Nf4 17. Rxf4 Qxf4 18. fxe6 O-O 19. exd7 Rad8 20. Nc3 Rxd7 21.
Rf1 Qg5 22. Ne4 Qe7 23. Nf6+ gxf6 24. Qg4+ Kh8 25. Bxf6+ Qxf6 26. Rxf6 Rg8 27.
Qxd7 1-0

[Event "Titled Tue 27th May Early"]
[Site "chess.com INT"]
[Date "2025.05.27"]
[Round "5"]
[White "Protopopescu, Luca"]
[Black "Khamdamova, Afruza"]
[Result "1-0"]
[WhiteTitle "CM"]
[BlackTitle "WIM"]
[WhiteElo "2216"]
[BlackElo "2344"]
[WhiteFideId "651088894"]
[BlackFideId "14210444"]
[EventDate "2025.05.27"]

1. Nf3 d5 2. g3 Nf6 3. Bg2 c5 4. O-O Nc6 5. b3 e5 6. Bb2 Bd6 7. d3 O-O 8. Nbd2
a6 9. e4 d4 10. a4 Rb8 11. Nc4 Bc7 12. Qe1 b5 13. Ncd2 Nb4 14. Qd1 Bd7 15. axb5
axb5 16. Ne1 Re8 17. f4 Ng4 18. Rf3 Ne3 19. Qc1 exf4 20. gxf4 Bg4 21. Rf2 Qh4
22. Ba3 Bh5 23. Bxb4 cxb4 24. e5 f6 25. exf6 Ng4 26. Bd5+ Kh8 27. fxg7+ Kxg7 28.
Rg2 Bxf4 29. Nef3 Qh3 30. Ra7+ Kh8 31. Be4 Nf6 32. Qb2 Rg8 33. Rxh7+ 1-0

[Event "Titled Tue 27th May Early"]
[Site "chess.com INT"]
[Date "2025.05.27"]
[Round "5"]
[White "Aakash, G"]
[Black "Rabin, Evan"]
[Result "1-0"]
[WhiteTitle "FM"]
[WhiteElo "2114"]
[BlackElo "1945"]
[WhiteFideId "25644394"]
[BlackFideId "2028670"]
[EventDate "2025.05.27"]

1. b3 e5 2. Bb2 d6 3. e4 Nf6 4. Nc3 g6 5. d4 exd4 6. Qxd4 Nc6 7. Qd2 Bg7 8.
O-O-O O-O 9. Nf3 Bg4 10. Be2 Re8 11. Qf4 Bxf3 12. Bxf3 Qe7 13. Kb1 Qe5 14. Qd2
Qa5 15. Rhe1 Nd7 16. Nd5 Qxd2 17. Rxd2 Rac8 18. Rdd1 Bxb2 19. Kxb2 Ne7 20. Bg4
Nxd5 21. Bxd7 Nb6 22. Bxc8 Rxc8 23. e5 dxe5 24. Rxe5 Kf8 25. a4 Re8 26. Rxe8+
Kxe8 27. a5 Nd7 28. Kc3 Ke7 29. Kd4 Kd6 30. c4 Nc5 31. b4 Ne6+ 32. Ke4+ Ke7 33.
f4 f5+ 34. Ke5 Nf8 35. c5 Nd7+ 36. Kd5 c6+ 37. Kc4 Nf6 38. b5 Ng4 39. Re1+ Kd7
40. h3 Nf6 41. bxc6+ bxc6 42. Rb1 Kc7 43. a6 Nd5 44. Rb7+ Kc8 45. Rxa7 Nxf4 46.
Rxh7 Kb8 47. a7+ Ka8 48. Kb4 Nd3+ 49. Ka5 Nxc5 50. Kb6 Na4+ 51. Kxc6 Nc3 52. Re7
Na4 53. Kb5 Nc3+ 54. Ka6 1-0

[Event "Titled Tue 27th May Early"]
[Site "chess.com INT"]
[Date "2025.05.27"]
[Round "5"]
[White "Marchesich, Giovanni"]
[Black "Baladjaev, Gara"]
[Result "1-0"]
[WhiteTitle "CM"]
[BlackTitle "FM"]
[WhiteElo "2219"]
[BlackElo "2404"]
[WhiteFideId "2824790"]
[BlackFideId "13401785"]
[EventDate "2025.05.27"]

1. d4 Nf6 2. Nc3 d5 3. Bf4 c6 4. e3 Bf5 5. Bd3 Bxd3 6. cxd3 e6 7. Nf3 Be7 8. Ne5
O-O 9. O-O Nbd7 10. Qf3 c5 11. dxc5 Nxc5 12. d4 Nce4 13. Rfc1 Rc8 14. Nxe4 Nxe4
15. Qe2 Bd6 16. f3 Nf6 17. Bg5 Be7 18. Qd3 h6 19. Bh4 Nd7 20. Rxc8 Qxc8 21. Bxe7
Nxe5 22. dxe5 Re8 23. Bb4 Qc6 24. Bc3 Rc8 25. a4 a6 26. Rf1 Qxa4 27. f4 b5 28.
f5 b4 29. fxe6 fxe6 30. Qg6 Qd7 31. Bd4 a5 32. b3 Qe8 33. Qxe8+ Rxe8 34. Ra1 Ra8
35. Ra4 Kf7 36. Bb6 Kg6 37. Bxa5 Kf5 38. Bxb4 Rxa4 39. bxa4 Kxe5 40. Bc3+ Kd6
41. Bxg7 h5 42. Kf2 Kc5 43. a5 Kb5 44. Bc3 e5 45. Kg3 d4 46. exd4 exd4 47. Bxd4
Kxa5 48. Kh4 Kb5 49. Kxh5 1-0

[Event "Titled Tue 27th May Early"]
[Site "chess.com INT"]
[Date "2025.05.27"]
[Round "5"]
[White "Altynbek, Aiaru"]
[Black "Kiran, Manisha Mohanty"]
[Result "0-1"]
[WhiteTitle "WFM"]
[BlackTitle "WGM"]
[WhiteElo "1977"]
[BlackElo "2031"]
[WhiteFideId "13752472"]
[BlackFideId "5019575"]
[EventDate "2025.05.27"]

1. d4 Nf6 2. c4 g6 3. Nf3 Bg7 4. g3 O-O 5. Bg2 c6 6. Nc3 d5 7. cxd5 cxd5 8. O-O
Nc6 9. Ne5 Be6 10. Nxc6 bxc6 11. Na4 Nd7 12. Bf4 Rc8 13. Rc1 Bf5 14. Nc5 Re8 15.
Qa4 e5 16. dxe5 Nxc5 17. Rxc5 Qb6 18. b4 Bxe5 19. Bxe5 Rxe5 20. e3 Re7 21. Rfc1
d4 22. exd4 Rce8 23. h4 Qd8 24. Rxc6 Qxd4 25. Qd1 Qxb4 26. Kh2 Re1 27. Qd5 R1e2
28. Rc7 Be6 29. Qc5 Qxc5 30. R1xc5 Rxf2 31. Ra5 Bxa2 32. Kg1 Rb2 33. Raxa7 Re1+
34. Bf1 Be6 35. Ra8+ Kg7 36. Rca7 Bh3 37. Ra1 Rbb1 38. Kf2 Rxf1+ 0-1

[Event "Titled Tue 27th May Early"]
[Site "chess.com INT"]
[Date "2025.05.27"]
[Round "5"]
[White "Schracke, Guido"]
[Black "Calvo Gonzalez, Jose Felix"]
[Result "0-1"]
[WhiteTitle "CM"]
[BlackTitle "CM"]
[WhiteElo "2138"]
[BlackElo "2168"]
[WhiteFideId "4637054"]
[BlackFideId "54505615"]
[EventDate "2025.05.27"]

1. e4 c5 2. c3 Nf6 3. e5 Nd5 4. Nf3 Nc6 5. Bc4 Nb6 6. Bb3 e6 7. O-O d5 8. d4 Be7
9. Be3 O-O 10. Bc2 Nc4 11. Qc1 Nxe3 12. fxe3 f6 13. exf6 Bxf6 14. Na3 b6 15. Bd3
Qe7 16. Rf2 Bb7 17. Qc2 h6 18. Raf1 e5 19. Bb5 e4 20. Ne1 cxd4 21. cxd4 Nxd4 22.
exd4 Bxd4 23. Kh1 Rxf2 24. Rxf2 Bxf2 25. Qxf2 e3 26. Qe2 d4 27. Bd3 Rf8 28. Nf3
Rxf3 29. gxf3 Qf6 30. Be4 Bxe4 31. fxe4 d3 32. Qg2 e2 0-1

[Event "Titled Tue 27th May Early"]
[Site "chess.com INT"]
[Date "2025.05.27"]
[Round "5"]
[White "Fikiet, Alex"]
[Black "Masague Artero, Guerau"]
[Result "1-0"]
[BlackTitle "FM"]
[WhiteElo "2151"]
[BlackElo "2326"]
[WhiteFideId "2052717"]
[BlackFideId "32098952"]
[EventDate "2025.05.27"]

1. e4 c6 2. Nf3 d5 3. exd5 cxd5 4. Ne5 Nf6 5. d4 Nc6 6. Bb5 Bd7 7. Nxd7 Qxd7 8.
c3 e6 9. O-O Bd6 10. Nd2 O-O 11. Re1 Qc7 12. g3 h6 13. Bd3 e5 14. dxe5 Nxe5 15.
Nf3 Nxd3 16. Qxd3 Rad8 17. Be3 Rfe8 18. Rad1 a6 19. Bd4 Ne4 20. Kg2 b5 21. Re2
Qc4 22. Qxc4 bxc4 23. Rde1 Kf8 24. Nh4 f6 25. Nf5 Be5 26. f3 Nd6 27. Bc5 Kf7 28.
Nxd6+ 1-0

[Event "Titled Tue 27th May Early"]
[Site "chess.com INT"]
[Date "2025.05.27"]
[Round "5"]
[White "Arakelyan, Manvel"]
[Black "Jahnz, Laurin"]
[Result "1-0"]
[WhiteTitle "FM"]
[BlackTitle "CM"]
[WhiteElo "2326"]
[BlackElo "2233"]
[WhiteFideId "13317415"]
[BlackFideId "16261089"]
[EventDate "2025.05.27"]

1. e4 c6 2. d4 d5 3. Nc3 dxe4 4. Nxe4 Nf6 5. Nxf6+ exf6 6. c3 Bd6 7. Bd3 O-O 8.
Qc2 Re8+ 9. Ne2 h6 10. O-O Nd7 11. Ng3 Nf8 12. Bd2 Qc7 13. c4 a5 14. Rfe1 Bd7
15. a3 c5 16. d5 Be5 17. Bc3 a4 18. Bxe5 fxe5 19. Re2 g6 20. Rae1 f5 21. f3 Re7
22. Qd2 Kg7 23. Bxf5 Bxf5 24. d6 Qd7 25. dxe7 Qxe7 26. Rxe5 Qf6 27. Rxf5 gxf5
28. Nh5+ Kg6 29. Nxf6 Kxf6 30. Qd6+ Kf7 31. Re7+ Kg8 32. Qf6 1-0

[Event "Titled Tue 27th May Early"]
[Site "chess.com INT"]
[Date "2025.05.27"]
[Round "5"]
[White "Lazniewska, Zofia"]
[Black "Modric, Nesa"]
[Result "0-1"]
[WhiteTitle "WFM"]
[BlackTitle "CM"]
[WhiteElo "1906"]
[BlackElo "2088"]
[WhiteFideId "21847266"]
[BlackFideId "922579"]
[EventDate "2025.05.27"]

1. e4 c6 2. d4 d5 3. Nd2 dxe4 4. Nxe4 Nf6 5. Nxf6+ gxf6 6. c3 Bf5 7. Nf3 e6 8.
Bd3 Bg6 9. Bxg6 hxg6 10. Bf4 Bd6 11. Bxd6 Qxd6 12. Qc2 Nd7 13. O-O-O O-O-O 14.
Kb1 Qf4 15. Rhe1 g5 16. Qe4 Qxe4+ 17. Rxe4 f5 18. Ree1 g4 19. Ne5 Nxe5 20. dxe5
Rxd1+ 21. Rxd1 Rxh2 22. Rg1 Kd7 23. f3 gxf3 24. gxf3 Rf2 25. Rg7 Ke7 26. Rg8
Rxf3 27. Rb8 Rd3 28. Rxb7+ Rd7 29. Rb8 f6 30. exf6+ Kxf6 31. Kc2 f4 32. b4 e5
33. a4 e4 34. c4 f3 35. b5 cxb5 36. axb5 f2 37. Rf8+ Rf7 38. Rxf7+ Kxf7 0-1

[Event "Titled Tue 27th May Early"]
[Site "chess.com INT"]
[Date "2025.05.27"]
[Round "5"]
[White "Fisabilillah, Ummi"]
[Black "Gharibyan, Mamikon"]
[Result "0-1"]
[WhiteTitle "WIM"]
[BlackTitle "GM"]
[WhiteElo "2115"]
[BlackElo "2472"]
[WhiteFideId "7104804"]
[BlackFideId "13308300"]
[EventDate "2025.05.27"]

1. Nf3 d5 2. b3 c5 3. e3 Nc6 4. Bb5 e6 5. Bb2 Ne7 6. Ne5 Qc7 7. f4 a6 8. Be2 Nf5
9. Nxc6 bxc6 10. O-O Bd6 11. Nc3 Rg8 12. e4 Nd4 13. e5 Be7 14. Bh5 g6 15. Bg4 h5
16. Bh3 a5 17. Ne2 Nxe2+ 18. Qxe2 a4 19. d3 Ba6 20. Kh1 c4 21. dxc4 dxc4 22.
bxc4 Qb6 23. Rab1 Qc5 24. Rf3 Bxc4 25. Qf2 Qxf2 26. Rxf2 a3 27. Bc3 Bxa2 28. Ra1
Bd5 29. Kg1 Bc5 30. g3 Kd7 31. Kf1 Bxf2 32. Kxf2 Rgb8 33. Bf1 a2 34. Bd3 Rb1 35.
Ke3 Ra3 36. Bd4 c5 0-1

[Event "Titled Tue 27th May Early"]
[Site "chess.com INT"]
[Date "2025.05.27"]
[Round "5"]
[White "Souza dos Santos, Matheus Garcett"]
[Black "Jyothilal, N."]
[Result "1-0"]
[BlackTitle "CM"]
[WhiteElo "1981"]
[BlackElo "1913"]
[WhiteFideId "2144492"]
[BlackFideId "5002605"]
[EventDate "2025.05.27"]

1. e4 c5 2. Nf3 d6 3. d4 cxd4 4. Nxd4 Nf6 5. Nc3 g6 6. Be3 Bg7 7. f3 O-O 8. Bc4
Nc6 9. Bb3 Bd7 10. h4 Nxd4 11. Bxd4 b5 12. Qd2 a5 13. Nd5 e5 14. Be3 a4 15.
Nxf6+ Bxf6 16. Bd5 Rc8 17. h5 Qc7 18. hxg6 hxg6 19. c3 b4 20. cxb4 Bb5 21. Rc1
Qxc1+ 22. Qxc1 Rxc1+ 23. Bxc1 Rc8 24. Kd1 Bd3 25. b3 Bc2+ 26. Ke2 axb3 27. axb3
Bb1 28. Bd2 Bc2 29. Rc1 Bd8 30. Bc4 d5 31. Bxd5 Be7 32. Bc4 Bxb4 33. Rxc2 Bxd2
34. Kxd2 Kf8 35. b4 Ke7 36. Kc3 Kd6 37. Kb3 Rh8 38. Bxf7 1-0

[Event "Titled Tue 27th May Early"]
[Site "chess.com INT"]
[Date "2025.05.27"]
[Round "5"]
[White "Otdelnov, Kirill"]
[Black "Dishman, Stephen"]
[Result "1-0"]
[WhiteTitle "FM"]
[BlackTitle "FM"]
[WhiteElo "2273"]
[BlackElo "2284"]
[WhiteFideId "24280216"]
[BlackFideId "403024"]
[EventDate "2025.05.27"]

1. e4 c6 2. d4 d5 3. Nc3 dxe4 4. Nxe4 Bf5 5. Ng3 Bg6 6. Nf3 Nd7 7. h4 h6 8. Bd3
Bxd3 9. Qxd3 e6 10. Bf4 Qa5+ 11. Bd2 Bb4 12. Ne4 Ngf6 13. Nd6+ Ke7 14. Nxb7
Bxd2+ 15. Nxd2 Qb4 16. Qb3 Qxd4 17. O-O-O Rhb8 18. Nc4 Qf4+ 19. Kb1 Rxb7 20.
Qxb7 Rb8 21. Qxc6 Nd5 22. Ne3 N7f6 23. Nxd5+ Nxd5 24. Qc5+ Ke8 25. Rxd5 exd5 26.
Re1+ Kd8 27. Qxd5+ Kc8 28. Qc6+ Kd8 29. Re8# 1-0

[Event "Titled Tue 27th May Early"]
[Site "chess.com INT"]
[Date "2025.05.27"]
[Round "5"]
[White "Madi, Aidana"]
[Black "Gonzalez Vega, Alejandro"]
[Result "1-0"]
[WhiteTitle "WFM"]
[BlackTitle "FM"]
[WhiteElo "1855"]
[BlackElo "2092"]
[WhiteFideId "13722689"]
[BlackFideId "3510042"]
[EventDate "2025.05.27"]

1. e4 c5 2. d4 cxd4 3. c3 dxc3 4. Nxc3 Nc6 5. Nf3 e6 6. Bc4 Qc7 7. O-O Nf6 8.
Nb5 Qb8 9. e5 Ng4 10. Bf4 a6 11. Nd6+ Bxd6 12. exd6 b5 13. Bd3 h6 14. Nd4 Nge5
15. Be4 Bb7 16. Re1 f5 17. Bxc6 Nxc6 18. Nxf5 Kf8 19. Nh4 Qe8 20. Qg4 g5 21.
Bxg5 hxg5 22. Qxg5 Qf7 23. Ng6+ Kg7 24. Ne5+ Kf8 25. Nxf7 Kxf7 26. Re3 Rag8 27.
Rf3+ Ke8 28. Qf6 Nd4 29. Qe7# 1-0

[Event "Titled Tue 27th May Early"]
[Site "chess.com INT"]
[Date "2025.05.27"]
[Round "5"]
[White "Svane, Rasmus"]
[Black "Teterev, Vitaly"]
[Result "1-0"]
[WhiteTitle "GM"]
[BlackTitle "GM"]
[WhiteElo "2629"]
[BlackElo "2258"]
[WhiteFideId "4657101"]
[BlackFideId "13501429"]
[EventDate "2025.05.27"]

1. Nf3 Nf6 2. g3 d5 3. Bg2 c6 4. O-O Bf5 5. c4 e6 6. Qb3 Qb6 7. d3 Nbd7 8. cxd5
exd5 9. Qc2 Be7 10. Nc3 O-O 11. e4 dxe4 12. dxe4 Bg4 13. Be3 Qa5 14. Nd4 Qh5 15.
f3 Bh3 16. g4 Bxg4 17. fxg4 Nxg4 18. Bf4 Bc5 19. Rad1 Rad8 20. Na4 Bxd4+ 21.
Rxd4 Nb6 22. Rxd8 Rxd8 23. Nxb6 axb6 24. h3 Ne5 25. Bxe5 Qxe5 26. Rf5 Qd4+ 27.
Qf2 Qd1+ 28. Kh2 Rd7 29. Qg3 g6 30. Rf2 b5 31. a3 Qd4 32. Qf4 h5 33. h4 Re7 34.
Re2 Re5 35. Kg3 Qd6 36. Rf2 Qe6 37. Bh3 1-0

[Event "Titled Tue 27th May Early"]
[Site "chess.com INT"]
[Date "2025.05.27"]
[Round "5"]
[White "Aradhya, Garg"]
[Black "Sonis, Francesco"]
[Result "1-0"]
[WhiteTitle "IM"]
[BlackTitle "GM"]
[WhiteElo "2383"]
[BlackElo "2570"]
[WhiteFideId "25006746"]
[BlackFideId "895733"]
[EventDate "2025.05.27"]

1. d4 Nf6 2. c4 g6 3. g3 Bg7 4. Bg2 O-O 5. Nc3 c5 6. dxc5 Na6 7. Nh3 Nxc5 8. O-O
d6 9. Nf4 Rb8 10. Be3 b6 11. Rc1 Bb7 12. Nfd5 a6 13. b4 Ncd7 14. Qb3 Nxd5 15.
cxd5 b5 16. a4 bxa4 17. Nxa4 Nf6 18. Rc2 Qe8 19. Nb6 Nd7 20. Nc4 Nf6 21. Na5 Qb5
22. Nc6 Bxc6 23. dxc6 Rfc8 24. c7 Rb7 25. Bxb7 Qxb7 26. Rfc1 Nd5 27. Rc6 e6 28.
Rxd6 Bf6 29. Rxd5 exd5 30. Bf4 Be7 31. Rd1 g5 32. Be5 f6 33. Rxd5 Kf8 34. Qf3 g4
35. Rd8+ 1-0

[Event "Titled Tue 27th May Early"]
[Site "chess.com INT"]
[Date "2025.05.27"]
[Round "5"]
[White "Kosakowski, Jakub"]
[Black "Lyutsinger, Iren"]
[Result "1-0"]
[WhiteTitle "GM"]
[BlackTitle "FM"]
[WhiteElo "2530"]
[BlackElo "2266"]
[WhiteFideId "1185080"]
[BlackFideId "34425969"]
[EventDate "2025.05.27"]

1. e4 c5 2. Nf3 d6 3. d4 cxd4 4. Nxd4 Nf6 5. Bc4 e6 6. Bd3 Be7 7. c4 O-O 8. Nc3
Nc6 9. Nxc6 bxc6 10. O-O e5 11. h3 Be6 12. Be3 d5 13. exd5 cxd5 14. cxd5 Nxd5
15. Nxd5 Qxd5 16. Qe2 Rac8 17. Rfd1 Qa5 18. Bd2 Qb6 19. Bc3 f6 20. Kh1 Bf7 21.
f4 Bb4 22. Bxb4 Qxb4 23. fxe5 Rce8 24. Qe4 Qxe4 25. Bxe4 Rxe5 26. Bf3 Rb5 27. b3
a5 28. Rd7 Be6 29. Rd6 Kf7 30. Rc1 Rc8 31. Re1 Re5 32. Rxe5 fxe5 33. Ra6 Rc1+
34. Kh2 Re1 35. Rxa5 e4 36. Re5 Bd5 37. Rxd5 exf3 38. Rf5+ Kg6 39. Rxf3 Ra1 40.
a4 Ra3 41. Kg3 Kg5 42. h4+ Kh6 43. Kf4 Kh5 44. g3 h6 45. Ke4 g5 46. hxg5 hxg5
47. Kd4 Kg4 48. Rc3 Kh3 49. Kc4 g4 50. Kb4 Ra1 51. a5 Rg1 52. a6 Rxg3 53. Rxg3+
Kxg3 54. a7 Kh2 55. a8=Q g3 56. Kc5 g2 57. Qxg2+ Kxg2 58. b4 1-0

[Event "Titled Tue 27th May Early"]
[Site "chess.com INT"]
[Date "2025.05.27"]
[Round "5"]
[White "Khandhadia, Nivaan Rathin"]
[Black "Berikkyzy Alanna"]
[Result "0-1"]
[WhiteTitle "CM"]
[BlackTitle "WFM"]
[WhiteElo "2112"]
[BlackElo "2104"]
[WhiteFideId "25753274"]
[BlackFideId "13780719"]
[EventDate "2025.05.27"]

1. d4 e6 2. c4 Nf6 3. Nf3 d5 4. Nc3 Bb4 5. cxd5 exd5 6. Bg5 h6 7. Bh4 g5 8. Bg3
Ne4 9. Qc2 h5 10. h3 Nxg3 11. fxg3 c6 12. O-O-O Be6 13. Kb1 Nd7 14. e4 Bxc3 15.
bxc3 dxe4 16. Qxe4 Qb6+ 17. Ka1 O-O-O 18. Rb1 Qa5 19. Qc2 Nb6 20. Ne5 f6 21. Nd3
Na4 22. Rc1 Nxc3 23. Nb4 Qxb4 24. Qxc3 Qxc3+ 25. Rxc3 Rxd4 26. Be2 Rd2 27. Bf3
Rxa2+ 28. Kb1 Rd2 29. Re1 Bf5+ 30. Kc1 Rd7 0-1

[Event "Titled Tue 27th May Early"]
[Site "chess.com INT"]
[Date "2025.05.27"]
[Round "5"]
[White "Mendonca, Leon Luke"]
[Black "Kushko, Dmitriy"]
[Result "1-0"]
[WhiteTitle "GM"]
[BlackTitle "IM"]
[WhiteElo "2630"]
[BlackElo "2454"]
[WhiteFideId "35028561"]
[BlackFideId "14162261"]
[EventDate "2025.05.27"]

1. c4 d6 2. Nc3 e5 3. g3 f5 4. Bg2 Nf6 5. d4 Be7 6. e3 c6 7. Nge2 O-O 8. O-O e4
9. d5 Nbd7 10. dxc6 bxc6 11. b3 Ne5 12. Bb2 Nd3 13. Ba3 Qa5 14. Na4 Rd8 15. Nf4
Ne5 16. Qc2 g5 17. Ne2 c5 18. Rfd1 Bd7 19. Nec3 Be8 20. Bb2 Bh5 21. Rf1 Bf8 22.
Nb5 a6 23. Bc3 axb5 24. Bxa5 Rxa5 25. Nc3 b4 26. Na4 Be7 27. a3 bxa3 28. Rxa3
Nc6 29. Raa1 Nb4 30. Qb2 Nd3 31. Qc3 Rda8 32. Nb6 Rxa1 33. Rxa1 Rxa1+ 34. Qxa1
Ng4 35. Nd5 Kf7 36. Qa7 1-0

[Event "Titled Tue 27th May Early"]
[Site "chess.com INT"]
[Date "2025.05.27"]
[Round "5"]
[White "Diaz Vasquez, Martin"]
[Black "Guerra Tulcan, Lenin"]
[Result "0-1"]
[WhiteTitle "CM"]
[BlackTitle "IM"]
[WhiteElo "2266"]
[BlackElo "2310"]
[WhiteFideId "3410579"]
[BlackFideId "3601382"]
[EventDate "2025.05.27"]

1. e4 c5 2. Nf3 e6 3. Be2 b6 4. c3 Bb7 5. e5 d6 6. d4 dxe5 7. dxe5 Qxd1+ 8. Bxd1
Nd7 9. Bf4 Ne7 10. Bg3 Nf5 11. O-O Nxg3 12. fxg3 O-O-O 13. Ba4 Bxf3 14. Bxd7+
Rxd7 15. gxf3 c4 16. b3 Bc5+ 17. Kh1 Rhd8 18. b4 Rd1 19. Na3 Rxa1 20. Rxa1 Be7
21. Nxc4 Rd3 22. Rc1 Rxf3 23. Kg2 Rd3 24. a4 Kc7 25. Rc2 a6 26. b5 axb5 27. axb5
Rd5 28. Ra2 Kb7 29. Ra6 Rxb5 30. Ra2 Rc5 31. Ra4 b5 32. Na5+ Kb6 33. Ra2 Rxe5
34. c4 b4 35. Nb3 Re3 36. c5+ Bxc5 0-1

[Event "Titled Tue 27th May Early"]
[Site "chess.com INT"]
[Date "2025.05.27"]
[Round "5"]
[White "Zong, Davis"]
[Black "Torres Rebolledo, Alvaro"]
[Result "0-1"]
[WhiteTitle "FM"]
[BlackTitle "FM"]
[WhiteElo "2242"]
[BlackElo "2336"]
[WhiteFideId "30903955"]
[BlackFideId "54587670"]
[EventDate "2025.05.27"]

1. d4 Nf6 2. c4 g6 3. Nc3 Bg7 4. e4 d6 5. Be2 O-O 6. Nf3 c5 7. d5 e6 8. O-O exd5
9. cxd5 Bg4 10. Bf4 Bxf3 11. Bxf3 Ne8 12. Re1 Nd7 13. Be2 a6 14. a4 Rb8 15. a5
Ne5 16. Be3 b5 17. axb6 Qxb6 18. Rxa6 Qxb2 19. Qc1 c4 20. Qxb2 Rxb2 21. Na4 Ra2
22. Nc5 Rc2 23. Na4 Nf6 24. Rxd6 Nxe4 25. Rb6 Nd3 26. Bxd3 cxd3 27. Nb2 Bxb2 28.
Rd1 d2 29. f3 Rc1 0-1

[Event "Titled Tue 27th May Early"]
[Site "chess.com INT"]
[Date "2025.05.27"]
[Round "5"]
[White "Montano Vicente, Guadalupe"]
[Black "Deveci, Huseyin Said"]
[Result "0-1"]
[BlackTitle "CM"]
[WhiteElo "1940"]
[BlackElo "2212"]
[WhiteFideId "5181399"]
[BlackFideId "26322455"]
[EventDate "2025.05.27"]

1. d4 Nf6 2. c4 c5 3. d5 b5 4. cxb5 a6 5. e3 e6 6. Nc3 exd5 7. Nxd5 Be7 8. bxa6
O-O 9. Nf3 Nxa6 10. Bc4 Bb7 11. O-O Nc7 12. Nxf6+ Bxf6 13. Qd6 Bxf3 14. gxf3 Ra4
15. b3 Rxc4 16. bxc4 Bxa1 17. Ba3 Bf6 18. Bxc5 Re8 19. Bb6 Be5 20. Qc5 Qg5+ 21.
Kh1 Qh5 22. f4 Qf3+ 23. Kg1 Re6 24. Qxe5 Rxe5 25. fxe5 Ne6 26. Rb1 h5 27. Bd4 h4
28. Rb8+ Kh7 29. Kf1 Qd1+ 0-1